<?xml version="1.0" encoding="UTF-8"?>
<record
    xmlns:xsi="http://www.w3.org/2001/XMLSchema-instance"
    xsi:schemaLocation="http://www.loc.gov/MARC21/slim http://www.loc.gov/standards/marcxml/schema/MARC21slim.xsd"
    xmlns="http://www.loc.gov/MARC21/slim">

  <leader>02560nam a22002537a 4500</leader>
  <controlfield tag="005">20260216152911.0</controlfield>
  <controlfield tag="008">220506b           ||||| |||| 00| 0 eng d</controlfield>
  <datafield tag="020" ind1=" " ind2=" ">
    <subfield code="a">9781612680194</subfield>
  </datafield>
  <datafield tag="040" ind1=" " ind2=" ">
    <subfield code="c">Aloy</subfield>
  </datafield>
  <datafield tag="041" ind1=" " ind2=" ">
    <subfield code="a">eng</subfield>
  </datafield>
  <datafield tag="082" ind1=" " ind2=" ">
    <subfield code="2">23</subfield>
    <subfield code="a">332.024</subfield>
    <subfield code="b">KIYR</subfield>
  </datafield>
  <datafield tag="100" ind1=" " ind2=" ">
    <subfield code="a">Robert T Kiyosaki</subfield>
    <subfield code="9">255148</subfield>
  </datafield>
  <datafield tag="245" ind1=" " ind2=" ">
    <subfield code="a">Rich dad poor dad: </subfield>
    <subfield code="b">With updates for todays world and nine new study session sections</subfield>
  </datafield>
  <datafield tag="260" ind1=" " ind2=" ">
    <subfield code="b">Plata Publishing,</subfield>
    <subfield code="c">2017.</subfield>
    <subfield code="a">Scottsdale:</subfield>
  </datafield>
  <datafield tag="300" ind1=" " ind2=" ">
    <subfield code="a">xi,352p.</subfield>
    <subfield code="b">PB</subfield>
    <subfield code="c">17x11cm</subfield>
  </datafield>
  <datafield tag="365" ind1=" " ind2=" ">
    <subfield code="2">General</subfield>
    <subfield code="a">431</subfield>
    <subfield code="b">399.00</subfield>
    <subfield code="c">&#x20B9;</subfield>
    <subfield code="d">499.00</subfield>
    <subfield code="e">20%</subfield>
    <subfield code="f">30-04-2022</subfield>
  </datafield>
  <datafield tag="520" ind1=" " ind2=" ">
    <subfield code="a">It's been nearly 25 years since Robert Kiyosaki&#x2019;s Rich Dad Poor Dad first made waves in the Personal Finance arena.
It has since become the #1 Personal Finance book of all time... translated into dozens of languages and sold around the world.
Rich Dad Poor Dad is Robert's story of growing up with two dads &#x2014; his real father and the father of his best friend, his rich dad &#x2014; and the ways in which both men shaped his thoughts about money and investing. The book explodes the myth that you need to earn a high income to be rich and explains the difference between working for money and having your money work for you.
20 Years... 20/20 Hindsight
In the 20th Anniversary Edition of this classic, Robert offers an update on what we&#x2019;ve seen over the past 20 years related to money, investing, and the global economy. Sidebars throughout the book will take readers &#x201C;fast forward&#x201D; &#x2014; from 1997 to today &#x2014; as Robert assesses how the principles taught by his rich dad have stood the test of time.
In many ways, the messages of Rich Dad Poor Dad, messages that were criticized and challenged two decades ago, are more meaningful, relevant and important today than they were 20 years ago.
As always, readers can expect that Robert will be candid, insightful... and continue to rock more than a few boats in his retrospective.
Will there be a few surprises? Count on it.
Rich Dad Poor Dad...
&#x2022; Explodes the myth that you need to earn a high income to become rich
&#x2022; Challenges the belief that your house is an asset
&#x2022; Shows parents why they can't rely on the school system to teach their kids
about money
&#x2022; Defines once and for all an asset and a liability
&#x2022; Teaches you what to teach your kids about money for their future financial
success
</subfield>
  </datafield>
  <datafield tag="650" ind1=" " ind2=" ">
    <subfield code="a">Financial Economics</subfield>
    <subfield code="9">34196</subfield>
  </datafield>
  <datafield tag="650" ind1=" " ind2=" ">
    <subfield code="a">Economics</subfield>
    <subfield code="9">34197</subfield>
  </datafield>
  <datafield tag="650" ind1=" " ind2=" ">
    <subfield code="a">History of Taxes </subfield>
    <subfield code="9">34204</subfield>
  </datafield>
  <datafield tag="650" ind1=" " ind2=" ">
    <subfield code="a">Rich Invent Money</subfield>
    <subfield code="9">34205</subfield>
  </datafield>
  <datafield tag="700" ind1=" " ind2=" ">
    <subfield code="a">Kiyosaki, Robert T</subfield>
    <subfield code="9">34198</subfield>
  </datafield>
  <datafield tag="942" ind1=" " ind2=" ">
    <subfield code="2">ddc</subfield>
    <subfield code="c">BK</subfield>
  </datafield>
  <datafield tag="999" ind1=" " ind2=" ">
    <subfield code="c">222800</subfield>
    <subfield code="d">222800</subfield>
  </datafield>
  <datafield tag="952" ind1=" " ind2=" ">
    <subfield code="0">0</subfield>
    <subfield code="1">0</subfield>
    <subfield code="2">ddc</subfield>
    <subfield code="4">0</subfield>
    <subfield code="7">0</subfield>
    <subfield code="8">GEN</subfield>
    <subfield code="a">AL</subfield>
    <subfield code="b">AL</subfield>
    <subfield code="c">SK</subfield>
    <subfield code="d">2022-05-05</subfield>
    <subfield code="e">Biblios Book Point, Surathkal, Mangalore-575014</subfield>
    <subfield code="g">399.00</subfield>
    <subfield code="l">33</subfield>
    <subfield code="m">8</subfield>
    <subfield code="o">332.024 KIYR</subfield>
    <subfield code="p">075760</subfield>
    <subfield code="r">2026-03-03 16:05:52</subfield>
    <subfield code="s">2026-02-21</subfield>
    <subfield code="v">499.00</subfield>
    <subfield code="w">2022-05-06</subfield>
    <subfield code="y">BK</subfield>
  </datafield>
</record>
